000 01544cad a22002535a 4500
001 L152976
008 110519s2011 xxkd f s 000 0 eng d
035 _a(Sirsi) u152976
041 0 _aeng
050 0 4 _a338.4569 $2 18
100 1 _aMurdoch, Ian J.
110 2 _aNorthumbria University
_bSchool of the Built Environment
_95649
245 0 0 _aState of trade report
_b2011, quarter 1
_h[electronic resource]
260 _aLondon
_bNational Specialist Contractors Council
_c2011
490 0 _aNSCC State of Trade Report
_vFirst Quarter 2011
520 _aPresents the results for the first quarter of 2011. Illustrated with charts, the report covers orders, price and margin analysis, procurement, payment periods, retentions, contract abuse, and adjudication, followed by comments from various specialist contractors. The National Specialist Contractors Council (NSCC) brings together the common aims of 32 specialist trade organisations within the construction industry and is the authoritative voice of specialist contractors in the UK. Includes results for enquiries, orders, labour, workload, skills and skills shortages, price and margin analysis, procurement, comments from specialist contractors.
521 _aAdvanced
590 _aKA
650 2 4 _aNATIONAL SPECIALIST CONTRACTORS COUNCIL STATE OF TRADE REPORT
651 4 _aUnited Kingdom
_y
690 _aBUILT ENVIRONMENT-CONSTRUCTION MARKET
856 4 0 _uhttps://www.nscc.org.uk/documents/Q1Report2011.pdf
_zView the item free of charge at www.nscc.org.uk
942 _n0
999 _c112304
_d112304